[Event "Bayern-chI Bank Hofmann 20th"]
[Site "Bad Wiessee"]
[Date "2016.11.02"]
[Round "5"]
[White "Humburg, Philipp"]
[Black "Nachtkamp, Herbert"]
[Result "1-0"]
[WhiteElo "2226"]
[BlackElo "2046"]
[PlyCount "91"]
[EventDate "2016.10.29"]
[EventType "swiss"]
[EventRounds "9"]
[EventCountry "GER"]
[SourceTitle "CBM 175 Extra"]
[Source "ChessBase"]
[SourceDate "2016.12.12"]
[SourceVersion "1"]
[SourceVersionDate "2016.12.12"]
[SourceQuality "1"]

1. e4 c6 2. d4 d5 3. Nd2 dxe4 4. Nxe4 Nf6 5. Nxf6+ exf6 6. c3 Bd6 7. Bd3 0-0 8. Ne2 Re8 9. Qc2 h6 10. 0-0 Nd7 11. Ng3 Qc7 12. f4 Nf8 13. Nf5 Bxf5 14. Bxf5 g6 15. Bh3 f5 16. Bd2 Re2 17. g3 Rae8 18. Rae1 Nh7 19. Qd3 Rxe1 20. Rxe1 Rxe1+ 21. Bxe1 Nf6 22. Bg2 Qe7 23. Bf2 Ng4 24. b4 Nf6 25. Bf3 h5 26. a3 Ne4 27. Kg2 Bb8 28. c4 Nxf2 29. Kxf2 h4 30. Qe3 hxg3+ 31. hxg3 Kf8 32. c5 Qd7 33. a4 a6 34. d5 cxd5 35. Qd4 Ba7 36. a5 Qa4 37. Bxd5 Qc2+ 38. Kg1 Qb1+ 39. Kh2 Qc2+ 40. Kh3 Qe2 41. Bxb7 Qh5+ 42. Kg2 Qe2+ 43. Kg1 Qg4 44. Kf2 g5 45. Qh8+ Ke7 46. Bf3 1-0

[Event "WchT Seniors 50"]
[Site "Radebeul"]
[Date "2016.07.03"]
[Round "8.24"]
[White "Rewitz, Poul"]
[Black "Nachtkamp, Herbert"]
[Result "1-0"]
[WhiteElo "2202"]
[BlackElo "2091"]
[PlyCount "199"]
[EventDate "2016.06.26"]
[EventType "team-swiss"]
[EventRounds "9"]
[EventCountry "GER"]
[SourceTitle "CBM 173 Extra"]
[Source "ChessBase"]
[SourceDate "2016.08.29"]
[SourceVersion "1"]
[SourceVersionDate "2016.08.29"]
[SourceQuality "1"]
[WhiteTeam "Copenhagen 68"]
[BlackTeam "Norderstedt"]
[WhiteTeamCountry "DEN"]
[BlackTeamCountry "GER"]

1. g3 e5 2. c3 d5 3. d4 exd4 4. cxd4 Nf6 5. Bg2 Be7 6. Nc3 0-0 7. Nf3 c6 8. 0-0 Bf5 9. a3 Nbd7 10. b4 a6 11. Bb2 Ne4 12. Nxe4 Bxe4 13. Qb3 Nb6 14. Nd2 Bxg2 15. Kxg2 Qd7 16. a4 Rfe8 17. Rfb1 h5 18. h4 Bd6 19. e3 Qg4 20. Re1 g5 21. a5 Nd7 22. hxg5 h4 23. Qd1 Qxd1 24. Rexd1 hxg3 25. Bc3 gxf2 26. Kxf2 Kg7 27. Rh1 Rh8 28. Kf3 Kg6 29. e4 Be7 30. Nb3 dxe4+ 31. Kxe4 Bxg5 32. Nc5 Nxc5+ 33. bxc5 Rae8+ 34. Kd3 Rxh1 35. Rxh1 f5 36. Rb1 Re7 37. Rb6 Rd7 38. Kc4 f4 39. d5 Rxd5 40. Rxb7 f3 41. Bd4 Bf6 42. Be3 Kf5 43. Rf7 Ke4 44. Bf2 Bd8 45. Ra7 Bxa5 46. Rxa6 Rd2 47. Bg1 Rd1 48. Bf2 Rc1+ 49. Kb3 Rf1 50. Bh4 Rh1 51. Rxa5 Kd3 52. Ra4 Rb1+ 53. Ka2 Rb5 54. Rf4 Rxc5 55. Rxf3+ Ke4 56. Ra3 Kd5 57. Kb2 Rc4 58. Be1 Rg4 59. Rd3+ Rd4 60. Rh3 Rg4 61. Kb3 Re4 62. Bc3 Rg4 63. Rh5+ Ke6 64. Bb4 Rg1 65. Kc3 Rg4 66. Rh6+ Kd5 67. Rd6+ Ke5 68. Rd3 Re4 69. Bc5 Rg4 70. Bd4+ Kd6 71. Rh3 c5 72. Rh6+ Kd5 73. Rh5+ Kd6 74. Bxc5+ Ke6 75. Bd4 Rg8 76. Kc4 Rc8+ 77. Bc5 Rg8 78. Rh6+ Ke5 79. Bd6+ Ke4 80. Re6+ Kf5 81. Re5+ Kf6 82. Kd5 Ra8 83. Re2 Ra5+ 84. Bc5 Kf5 85. Rf2+ Kg4 86. Kd4 Kg3 87. Rf8 Kg4 88. Bd6 Ra4+ 89. Ke5 Ra5+ 90. Ke6 Ra6 91. Rf4+ Kg5 92. Rf3 Kh5 93. Rd3 Ra5 94. Be5 Kg4 95. Rg3+ Kh4 96. Rg8 Kh3 97. Kf5 Rb5 98. Rg3+ Kh4 99. Ra3 Rc5 100. Ra2 1-0

[Event "WchT Seniors 50"]
[Site "Radebeul"]
[Date "2016.06.28"]
[Round "3.1"]
[White "Frick, Renato"]
[Black "Nachtkamp, Herbert"]
[Result "1-0"]
[WhiteElo "2014"]
[BlackElo "2091"]
[PlyCount "47"]
[EventDate "2016.06.26"]
[EventType "team-swiss"]
[EventRounds "9"]
[EventCountry "GER"]
[SourceTitle "CBM 173 Extra"]
[Source "ChessBase"]
[SourceDate "2016.08.29"]
[SourceVersion "1"]
[SourceVersionDate "2016.08.29"]
[SourceQuality "1"]
[WhiteTeam "Liechtenstein"]
[BlackTeam "Norderstedt"]
[WhiteTeamCountry "LIE"]
[BlackTeamCountry "GER"]

1. e4 c6 2. d4 d5 3. e5 Bf5 4. h4 Qb6 5. g4 Bd7 6. c4 dxc4 7. Bxc4 e6 8. Nc3 Ne7 9. Nge2 Nd5 10. 0-0 Qd8 11. g5 h6 12. Ng3 hxg5 13. hxg5 Rh4 14. f4 b5 15. Bxd5 cxd5 16. Be3 g6 17. Rc1 Qb6 18. f5 Nc6 19. fxg6 fxg6 20. Rxf8+ Kxf8 21. Qf3+ Ke8 22. Rf1 Kd8 23. Qf8+ Kc7 24. Qd6+ 1-0

[Event "GER-chA Seniors 27th"]
[Site "Magdeburg"]
[Date "2015.08.19"]
[Round "5"]
[White "Nachtkamp, Herbert"]
[Black "Kannenberg, Karl Heinz"]
[Result "0-1"]
[WhiteElo "2034"]
[BlackElo "2208"]
[PlyCount "106"]
[EventDate "2015.08.15"]
[EventType "swiss"]
[EventRounds "9"]
[EventCountry "GER"]
[SourceTitle "EXT 2018"]
[Source "ChessBase"]
[SourceDate "2017.10.13"]
[SourceVersion "1"]
[SourceVersionDate "2017.10.13"]
[SourceQuality "1"]

1. d4 d5 2. Nf3 Nf6 3. e3 e6 4. Bd3 Bd6 5. Nbd2 b6 6. e4 dxe4 7. Nxe4 Bb7 8. Qe2 h6 9. 0-0 Nbd7 10. b3 Nxe4 11. Bxe4 Bxe4 12. Qxe4 0-0 13. Bb2 Nf6 14. Qe2 Qe7 15. c4 Ba3 16. Rab1 Bxb2 17. Qxb2 Qd6 18. Rbd1 Rfd8 19. Qc2 c6 20. Rd2 Qc7 21. Rfd1 Rac8 22. h3 b5 23. Kf1 b4 24. Kg1 Qf4 25. Ne5 Ne4 26. Rd3 Nc3 27. Rf3 Qxe5 28. dxe5 Rxd1+ 29. Kh2 Rcd8 30. Rxc3 R1d2 31. Qc1 bxc3 32. Qxc3 Rxa2 33. Qf3 c5 34. Qc6 Rxf2 35. Qxc5 Rdd2 36. Kg3 Rxg2+ 37. Kf3 Ra2 38. b4 Rgb2 39. b5 Rb3+ 40. Ke4 Rxh3 41. Qe7 Rc2 42. Kd4 Rhc3 43. Qxa7 Rxc4+ 44. Kd3 R2c3+ 45. Kd2 Rc7 46. Qa8+ Rc8 47. Qa6 R3c5 48. b6 Rb8 49. Qa7 Rd8+ 50. Ke3 Rxe5+ 51. Kf3 Rb5 52. Ke3 Rb3+ 53. Ke4 Rd5 0-1

[Event "Hamburg St Pauli op-A"]
[Site "Hamburg"]
[Date "2015.07.19"]
[Round "2"]
[White "Nachtkamp, Herbert"]
[Black "Lehmkuhl, Stefan"]
[Result "1-0"]
[WhiteElo "2045"]
[BlackElo "1926"]
[PlyCount "55"]
[EventDate "2015.07.18"]
[EventType "swiss"]
[EventRounds "9"]
[EventCountry "GER"]
[SourceTitle "EXT 2016"]
[Source "ChessBase"]
[SourceDate "2015.10.08"]
[SourceVersion "1"]
[SourceVersionDate "2015.10.08"]
[SourceQuality "1"]

1. d4 d5 2. Nf3 Nc6 3. e3 Bg4 4. Bb5 e6 5. c4 Nge7 6. h3 Bxf3 7. Qxf3 a6 8. cxd5 Qxd5 9. Qxd5 exd5 10. Ba4 0-0-0 11. Bd2 f5 12. Nc3 g6 13. 0-0 Kb8 14. Ne2 Rd6 15. Rfc1 Bg7 16. b4 Na7 17. Bb3 Rhd8 18. a4 Rc6 19. Nf4 Rxc1+ 20. Rxc1 c6 21. Ne6 Rg8 22. Bd1 Nac8 23. e4 dxe4 24. Bf4+ Ka8 25. Nc7+ Kb8 26. Nxa6+ Ka8 27. Nc7+ Kb8 28. Bb3 1-0

[Event "Bayern-chI Bank Hofmann 18th"]
[Site "Bad Wiessee"]
[Date "2014.10.25"]
[Round "1"]
[White "Khenkin, Igor"]
[Black "Nachtkamp, Herbert"]
[Result "1-0"]
[WhiteElo "2581"]
[BlackElo "2037"]
[PlyCount "63"]
[EventDate "2014.10.25"]
[EventType "swiss"]
[EventRounds "9"]
[EventCountry "GER"]
[SourceTitle "EXT 2015"]
[Source "ChessBase"]
[SourceDate "2014.11.20"]
[SourceVersion "1"]
[SourceVersionDate "2014.11.20"]
[SourceQuality "1"]

1. d4 d5 2. c4 e6 3. Nf3 Nf6 4. e3 Be7 5. b3 0-0 6. Bd3 c5 7. 0-0 Nc6 8. Bb2 cxd4 9. exd4 b6 10. Nbd2 Bb7 11. Rc1 Rc8 12. Qe2 Re8 13. Rfd1 Qd6 14. c5 Qb8 15. a3 a5 16. Bb5 Red8 17. Ne5 bxc5 18. dxc5 Qa7 19. Bxc6 Bxc6 20. Nxc6 Rxc6 21. b4 Qb7 22. Bxf6 Bxf6 23. b5 Rcc8 24. a4 Bb2 25. Rc2 Ba3 26. Qe3 Bb4 27. c6 Qe7 28. b6 Qd6 29. c7 Re8 30. Ne4 Qe7 31. Nc5 Qd6 32. Na6 1-0

[Event "GER-chA Seniors 26th"]
[Site "Bad Neuenahr"]
[Date "2014.08.05"]
[Round "1"]
[White "Nachtkamp, Herbert"]
[Black "Kannenberg, Karl Heinz"]
[Result "0-1"]
[WhiteElo "2023"]
[BlackElo "2211"]
[PlyCount "58"]
[EventDate "2014.08.05"]
[EventType "swiss"]
[EventRounds "9"]
[EventCountry "GER"]
[SourceTitle "EXT 2018"]
[Source "ChessBase"]
[SourceDate "2017.10.13"]
[SourceVersion "1"]
[SourceVersionDate "2017.10.13"]
[SourceQuality "1"]

1. d4 d5 2. Nf3 Nf6 3. e3 Bf5 4. c4 e6 5. Qb3 Qc8 6. Nc3 c6 7. Be2 Be7 8. 0-0 Nbd7 9. Bd2 0-0 10. Rac1 Qb8 11. Rfd1 h6 12. h3 a6 13. a3 dxc4 14. Bxc4 b5 15. Bf1 c5 16. Qa2 b4 17. axb4 cxb4 18. Na4 b3 19. Qa1 Bc2 20. Re1 Ne4 21. Ba5 Rc8 22. Nd2 Nxd2 23. Bxd2 a5 24. Nc3 a4 25. Nb5 Nf6 26. Na3 Ne4 27. Nxc2 bxc2 28. Bc3 Nxc3 29. bxc3 Qb3 0-1

[Event "Bad Woerishofen Seniors op 30th"]
[Site "Bad Woerishofen"]
[Date "2014.03.21"]
[Round "1"]
[White "Nachtkamp, Herbert"]
[Black "Flockerzi, Armin"]
[Result "1-0"]
[WhiteElo "2014"]
[BlackElo "1815"]
[PlyCount "121"]
[EventDate "2014.03.21"]
[EventType "swiss"]
[EventRounds "9"]
[EventCountry "GER"]
[SourceTitle "EXT 2019"]
[Source "ChessBase"]
[SourceDate "2018.10.10"]
[SourceVersion "1"]
[SourceVersionDate "2018.10.10"]
[SourceQuality "1"]

1. d4 d5 2. Nf3 c6 3. e3 Nf6 4. c4 e6 5. Nbd2 Be7 6. Bd3 b6 7. 0-0 Bb7 8. e4 dxe4 9. Nxe4 Nxe4 10. Bxe4 0-0 11. Ne5 f6 12. Nf3 Nd7 13. Bf4 f5 14. Bc2 Bf6 15. Re1 Re8 16. Ne5 g6 17. Qe2 Rc8 18. Rad1 Qe7 19. Bb3 Bxe5 20. Bxe5 c5 21. Ba4 Bc6 22. Bxc6 Rxc6 23. Qf3 Rcc8 24. d5 Qf7 25. dxe6 Qxe6 26. Bc3 Qf7 27. Rxe8+ Rxe8 28. Qc6 Nf8 29. f3 Qe6 30. Qxe6+ Rxe6 31. Kf2 Kf7 32. h4 Re7 33. h5 Rd7 34. hxg6+ hxg6 35. Rh1 a6 36. a4 Rb7 37. Kg3 b5 38. axb5 axb5 39. cxb5 Rxb5 40. Ra1 Rb7 41. Kf4 Ne6+ 42. Ke5 Rd7 43. Ra6 Nd4 44. Rf6+ Kg7 45. Rd6 Re7+ 46. Kd5 Kf7 47. Kxc5 Ne6+ 48. Kc6 Rc7+ 49. Kb6 Rc8 50. Rd7+ Ke8 51. Rh7 Nf8 52. Rg7 Rc4 53. Kb5 Rc8 54. Bb4 Rb8+ 55. Kc4 Rc8+ 56. Kd3 Rd8+ 57. Ke3 Rb8 58. Ba3 Rb6 59. Rg8 Rf6 60. Kf4 g5+ 61. Kxg5 1-0

[Event "Bayern-chI Bank Hofmann 17th"]
[Site "Bad Wiessee"]
[Date "2013.10.26"]
[Round "1"]
[White "Bellia, Fabrizio"]
[Black "Nachtkamp, Herbert"]
[Result "1-0"]
[WhiteElo "2421"]
[BlackElo "2024"]
[PlyCount "87"]
[EventDate "2013.10.26"]
[EventType "swiss"]
[EventRounds "9"]
[EventCountry "GER"]
[SourceTitle "EXT 2014"]
[Source "ChessBase"]
[SourceDate "2013.11.20"]
[SourceVersion "1"]
[SourceVersionDate "2013.11.20"]
[SourceQuality "1"]

1. d4 d5 2. c4 e6 3. Nc3 Nf6 4. Bg5 Be7 5. Nf3 h6 6. Bh4 0-0 7. e3 Ne4 8. Bxe7 Qxe7 9. Qc2 Nxc3 10. Qxc3 c6 11. Be2 dxc4 12. Bxc4 Nd7 13. 0-0 b6 14. b4 Bb7 15. Be2 Rfc8 16. Rfc1 a5 17. a3 axb4 18. axb4 Qf8 19. Ne1 Nf6 20. Bf3 Nd5 21. Bxd5 exd5 22. Nd3 Rxa1 23. Rxa1 Ra8 24. h4 Rxa1+ 25. Qxa1 Qb8 26. Qa4 f6 27. h5 Qa8 28. Qc2 Qa3 29. Kh2 Qa8 30. Nf4 Bc8 31. b5 Bd7 32. bxc6 Qxc6 33. Qa2 Be6 34. e4 Bf7 35. exd5 Qd6 36. Qa8+ Kh7 37. g3 Qd7 38. Qc6 Qd8 39. d6 Be8 40. Qc7 Qd7 41. Qxd7 Bxd7 42. Nd5 b5 43. Nb6 b4 44. Nxd7 1-0

[Event "Hamburg St Pauli op-A"]
[Site "Hamburg"]
[Date "2013.07.13"]
[Round "8"]
[White "Nachtkamp, Herbert"]
[Black "Emami, Madjid"]
[Result "1/2-1/2"]
[WhiteElo "2086"]
[BlackElo "1993"]
[PlyCount "27"]
[EventDate "2013.07.06"]
[EventType "swiss"]
[EventRounds "9"]
[EventCountry "GER"]
[SourceTitle "CBM 155 Extra"]
[Source "ChessBase"]
[SourceDate "2013.08.26"]
[SourceVersion "1"]
[SourceVersionDate "2013.08.26"]
[SourceQuality "1"]

1. d4 g6 2. Nf3 Bg7 3. c4 d6 4. Nc3 Nd7 5. e3 Nh6 6. Be2 0-0 7. 0-0 c6 8. Qc2 Qc7 9. h3 f5 10. Bd2 e5 11. dxe5 dxe5 12. b4 e4 13. Nd4 Ne5 14. c5 1/2-1/2

[Event "Bayern-chI Bank Hofmann 15th"]
[Site "Bad Wiessee"]
[Date "2011.10.29"]
[Round "1"]
[White "Zakhartsov, Viacheslav V"]
[Black "Nachtkamp, Herbert"]
[Result "1-0"]
[WhiteElo "2580"]
[BlackElo "2059"]
[PlyCount "117"]
[EventDate "2011.10.29"]
[EventType "swiss"]
[EventRounds "9"]
[EventCountry "GER"]
[SourceTitle "EXT 2012"]
[Source "ChessBase"]
[SourceDate "2011.11.24"]
[SourceVersion "1"]
[SourceVersionDate "2011.11.24"]
[SourceQuality "1"]

1. d4 d5 2. c4 Nc6 3. Nc3 Nf6 4. Nf3 dxc4 5. Bg5 a6 6. d5 Na7 7. e4 Nb5 8. Qa4 Bd7 9. Qxc4 Nxc3 10. bxc3 Bb5 11. Qd4 Bxf1 12. Kxf1 Nd7 13. Rd1 f6 14. Bf4 g6 15. Ke2 Bg7 16. Qc4 Qc8 17. Qxc7 Qxc7 18. Bxc7 Rc8 19. Bg3 Rxc3 20. Rc1 Ra3 21. Rc2 0-0 22. Rb1 b5 23. Rb4 Re8 24. Nd4 Nb6 25. Bc7 Nc4 26. Nc6 Bf8 27. Rb3 Ra4 28. Kf3 Rc8 29. Bf4 g5 30. Bg3 h5 31. h4 g4+ 32. Ke2 Re8 33. f3 e6 34. dxe6 Rxe6 35. Nd4 Re8 36. Nf5 Rd8 37. Bc7 Rd7 38. Bf4 Kf7 39. Bc1 Rd8 40. Rd3 Rxd3 41. Kxd3 gxf3 42. gxf3 Ne5+ 43. Ke2 Rc4 44. Rxc4 Nxc4 45. Ng3 Ne5 46. f4 Nc6 47. Bb2 Be7 48. f5 a5 49. Nxh5 a4 50. Nf4 a3 51. Ba1 b4 52. Kd2 Bc5 53. Nd3 Bf8 54. Kc2 Na5 55. Bd4 Nc4 56. e5 fxe5 57. Nxe5+ Nxe5 58. Bxe5 Be7 59. h5 1-0

[Event "GER-ch Seniors 23rd"]
[Site "Halle"]
[Date "2011.08.13"]
[Round "9"]
[White "Wuensch, Ulrich"]
[Black "Nachtkamp, Herbert"]
[Result "1/2-1/2"]
[WhiteElo "2168"]
[BlackElo "2068"]
[PlyCount "20"]
[EventDate "2011.08.05"]
[EventType "swiss"]
[EventRounds "9"]
[EventCountry "GER"]
[SourceTitle "CBM 144 Extra"]
[Source "ChessBase"]
[SourceDate "2011.10.28"]
[SourceVersion "1"]
[SourceVersionDate "2011.10.28"]
[SourceQuality "1"]

1. d4 d5 2. Nf3 Nc6 3. Bf4 Bg4 4. e3 e6 5. Be2 Bd6 6. Ne5 Bxe5 7. dxe5 Bxe2 8. Qxe2 Nge7 9. 0-0 0-0 10. c3 Ng6 1/2-1/2

[Event "GER-ch Seniors 23rd"]
[Site "Halle"]
[Date "2011.08.12"]
[Round "8"]
[White "Nachtkamp, Herbert"]
[Black "Neumann, Erwin"]
[Result "1-0"]
[WhiteElo "2068"]
[BlackElo "1974"]
[PlyCount "59"]
[EventDate "2011.08.05"]
[EventType "swiss"]
[EventRounds "9"]
[EventCountry "GER"]
[SourceTitle "CBM 144 Extra"]
[Source "ChessBase"]
[SourceDate "2011.10.28"]
[SourceVersion "1"]
[SourceVersionDate "2011.10.28"]
[SourceQuality "1"]

1. d4 Nf6 2. Nf3 e6 3. e3 b6 4. Bd3 Bb7 5. 0-0 Be7 6. c4 d6 7. Nc3 0-0 8. d5 Nbd7 9. dxe6 fxe6 10. Nd4 Nc5 11. b4 Nxd3 12. Qxd3 Qd7 13. Nb3 Qc6 14. f3 d5 15. Nd4 Qd7 16. Rb1 c5 17. bxc5 bxc5 18. Nxe6 Qxe6 19. Rxb7 dxc4 20. Qc2 Rfd8 21. Rd1 Nd5 22. Nxd5 Rxd5 23. Rxd5 Qxd5 24. Rxe7 Rd8 25. Kf2 Kf8 26. Rxa7 Qd3 27. Qxd3 cxd3 28. Ke1 Rb8 29. Ba3 Rb5 30. Kd2 1-0

[Event "GER-ch Seniors 23rd"]
[Site "Halle"]
[Date "2011.08.07"]
[Round "3"]
[White "Neumann, Joachim"]
[Black "Nachtkamp, Herbert"]
[Result "1/2-1/2"]
[WhiteElo "2135"]
[BlackElo "2068"]
[PlyCount "47"]
[EventDate "2011.08.05"]
[EventType "swiss"]
[EventRounds "9"]
[EventCountry "GER"]
[SourceTitle "CBM 144 Extra"]
[Source "ChessBase"]
[SourceDate "2011.10.28"]
[SourceVersion "1"]
[SourceVersionDate "2011.10.28"]
[SourceQuality "1"]

1. e4 d5 2. exd5 Nf6 3. d4 Nxd5 4. Nf3 Bg4 5. h3 Bxf3 6. Qxf3 e6 7. a3 c6 8. c4 Ne7 9. Be3 Nf5 10. Qe4 Nxe3 11. Qxe3 Be7 12. Nc3 0-0 13. Be2 Nd7 14. 0-0 Nf6 15. Bf3 Qc7 16. Rad1 Rfe8 17. Rd3 Rad8 18. Rfd1 a6 19. Qd2 h6 20. d5 exd5 21. cxd5 cxd5 22. Bxd5 Rc8 23. Bf3 b5 24. Nd5 1/2-1/2

[Event "GER-ch Seniors 23rd"]
[Site "Halle"]
[Date "2011.08.06"]
[Round "2"]
[White "Nachtkamp, Herbert"]
[Black "Siegmund, Rainer"]
[Result "1/2-1/2"]
[WhiteElo "2068"]
[BlackElo "2145"]
[PlyCount "46"]
[EventDate "2011.08.05"]
[EventType "swiss"]
[EventRounds "9"]
[EventCountry "GER"]
[SourceTitle "CBM 144 Extra"]
[Source "ChessBase"]
[SourceDate "2011.10.28"]
[SourceVersion "1"]
[SourceVersionDate "2011.10.28"]
[SourceQuality "1"]

1. d4 Nf6 2. Nf3 e6 3. e3 c5 4. Bd3 d5 5. c3 Nc6 6. Nbd2 Bd6 7. 0-0 0-0 8. dxc5 Bxc5 9. e4 Re8 10. e5 Nd7 11. Nb3 Be7 12. Re1 b6 13. Bf4 Nf8 14. Nbd4 Bd7 15. Qe2 Ng6 16. Bg3 Bc5 17. Rad1 Nxd4 18. cxd4 Bb4 19. Rf1 Rc8 20. h4 Be7 21. h5 Nf8 22. Bf4 Rc7 23. Rc1 Qb8 1/2-1/2

[Event "Hamburg St Pauli op-A"]
[Site "Hamburg"]
[Date "2011.07.13"]
[Round "6"]
[White "Nachtkamp, Herbert"]
[Black "Powierski, Emil"]
[Result "1/2-1/2"]
[WhiteElo "2068"]
[BlackElo "2019"]
[PlyCount "62"]
[EventDate "2011.07.09"]
[EventType "swiss"]
[EventRounds "9"]
[EventCountry "GER"]
[SourceTitle "CBM 143 Extra"]
[Source "ChessBase"]
[SourceDate "2011.08.29"]
[SourceVersion "1"]
[SourceVersionDate "2011.08.29"]
[SourceQuality "1"]

1. d4 Nf6 2. Nf3 e6 3. e3 b6 4. Bd3 Bb7 5. 0-0 c5 6. c4 cxd4 7. exd4 Be7 8. Nc3 d5 9. cxd5 Nxd5 10. Ne5 0-0 11. Qh5 g6 12. Qh3 Bf6 13. Bh6 Bg7 14. Rfe1 Nc6 15. Nxd5 Nxe5 16. Nf6+ Qxf6 17. dxe5 Qe7 18. Be4 Rfd8 19. Bxg7 Kxg7 20. Bxb7 Qxb7 21. Qh4 Rd2 22. Qf6+ Kg8 23. h4 h5 24. Re3 Qd7 25. b3 Qd8 26. Qf4 Qd4 27. Qxd4 Rxd4 28. Rc1 Rad8 29. Rc7 R8d7 30. Rxd7 Rxd7 31. a4 Rc7 1/2-1/2

[Event "Hamburg St Pauli op-A"]
[Site "Hamburg"]
[Date "2011.07.11"]
[Round "3"]
[White "Kopisch, Martin"]
[Black "Nachtkamp, Herbert"]
[Result "1/2-1/2"]
[WhiteElo "2148"]
[BlackElo "2068"]
[PlyCount "91"]
[EventDate "2011.07.09"]
[EventType "swiss"]
[EventRounds "9"]
[EventCountry "GER"]
[SourceTitle "CBM 143 Extra"]
[Source "ChessBase"]
[SourceDate "2011.08.29"]
[SourceVersion "1"]
[SourceVersionDate "2011.08.29"]
[SourceQuality "1"]

1. d4 d5 2. c4 Nc6 3. e3 Nf6 4. Nc3 e6 5. Bd3 dxc4 6. Bxc4 a6 7. Bd2 Be7 8. Rc1 0-0 9. Nf3 b5 10. Bb3 Nb4 11. 0-0 Nd3 12. Rb1 c5 13. a3 Bb7 14. Bc2 c4 15. Bxd3 cxd3 16. Ne5 a5 17. Nxd3 b4 18. axb4 axb4 19. Ne2 Qb6 20. Ne5 Rfd8 21. Nf4 Ne4 22. f3 Nxd2 23. Qxd2 f6 24. Nc4 Qa6 25. Qc1 g5 26. Nh3 Rdc8 27. b3 Bd5 28. Qd2 Bxc4 29. bxc4 Rxc4 30. Nf2 Qa2 31. Rb2 Qa3 32. Rfb1 Qc3 33. Ne4 Qxd2 34. Nxd2 Rc3 35. Kf2 Rac8 36. Ke2 Kf7 37. Ne4 R3c7 38. Kd2 f5 39. Nf2 Bd6 40. h3 e5 41. Nd3 exd4 42. exd4 Rc4 43. Ne5+ Bxe5 44. dxe5 Rd8+ 45. Ke2 Rc5 46. Kf1 1/2-1/2

[Event "Hamburg St Pauli op-A"]
[Site "Hamburg"]
[Date "2010.07.16"]
[Round "7"]
[White "Getzuhn, Detlef"]
[Black "Nachtkamp, Herbert"]
[Result "1/2-1/2"]
[WhiteElo "1934"]
[BlackElo "2102"]
[PlyCount "97"]
[EventDate "2010.07.10"]
[EventType "swiss"]
[EventRounds "9"]
[EventCountry "GER"]
[SourceTitle "EXT 2013"]
[Source "ChessBase"]
[SourceDate "2012.11.22"]
[SourceVersion "1"]
[SourceVersionDate "2012.11.22"]
[SourceQuality "1"]

1. e4 d5 2. exd5 Nf6 3. Bb5+ Bd7 4. Bc4 Bg4 5. f3 Bc8 6. Nc3 Nbd7 7. Ne4 Nb6 8. Nxf6+ gxf6 9. d3 Nxd5 10. Ne2 Nb6 11. Bb3 Bd7 12. Be3 e6 13. Qd2 Bd6 14. 0-0-0 Qe7 15. Kb1 0-0-0 16. Nf4 Kb8 17. Qf2 Bxf4 18. Bxf4 Ba4 19. Bxa4 Nxa4 20. Qh4 Nb6 21. Be5 Nd7 22. Bd4 e5 23. Rhe1 Qd6 24. Bc3 Nb6 25. Bb4 c5 26. Ba5 Rdg8 27. Bxb6 Qxb6 28. g3 Rd8 29. Re4 Rd4 30. Rxd4 cxd4 31. Re1 Qc6 32. Qh5 Rc8 33. Re2 a6 34. Rf2 Qe6 35. Qxh7 Rc5 36. g4 Ra5 37. a3 Rb5 38. h4 Qb6 39. b3 Qa5 40. Ka2 Qe1 41. Rh2 Ra5 42. Qe4 Qb4 43. a4 b5 44. Qc6 bxa4 45. Qe8+ Ka7 46. Qxf7+ Ka8 47. Qe8+ Ka7 48. Qf7+ Ka8 49. Qe8+ 1/2-1/2

[Event "Seefeld op 19th"]
[Site "Seefeld"]
[Date "2008.09.10"]
[Round "6"]
[White "Nachtkamp, Herbert"]
[Black "Knechtel, Roland"]
[Result "0-1"]
[WhiteElo "2087"]
[BlackElo "2265"]
[PlyCount "161"]
[EventDate "2008.09.05"]
[EventType "swiss"]
[EventRounds "9"]
[EventCountry "AUT"]
[SourceTitle "EXT 2010"]
[Source "ChessBase"]
[SourceDate "2010.11.25"]
[SourceVersion "1"]
[SourceVersionDate "2010.11.25"]
[SourceQuality "1"]

1. d4 Nf6 2. Nf3 e6 3. e3 b6 4. Nbd2 Bb7 5. Bd3 c5 6. 0-0 cxd4 7. exd4 Qc7 8. c3 Be7 9. Qe2 d6 10. Re1 0-0 11. Ne4 Nbd7 12. Bg5 Rfe8 13. Nxf6+ Nxf6 14. Bxf6 Bxf6 15. Be4 a6 16. Bxb7 Qxb7 17. a4 b5 18. Qc2 Rab8 19. axb5 axb5 20. Ra5 Rec8 21. Rea1 Qd5 22. Qd1 h6 23. h3 Qe4 24. Ra6 b4 25. Rxd6 bxc3 26. bxc3 Rxc3 27. Qe1 Qc2 28. Qd1 Qf5 29. Rda6 Rcb3 30. Ra8 Kh7 31. Rxb8 Rxb8 32. Qd2 g5 33. Qe3 Rb5 34. Re1 Kg7 35. Ne5 Rd5 36. g4 Qc2 37. Re2 Qd1+ 38. Re1 Qxd4 39. Qxd4 Rxd4 40. Nf3 Rc4 41. Re2 Be7 42. Kg2 Rc3 43. Ra2 Bc5 44. Re2 Bd6 45. Rd2 Bc7 46. Re2 Kg6 47. Ne5+ Bxe5 48. Rxe5 Rc6 49. Ra5 f6 50. Ra4 h5 51. Rb4 e5 52. Rb8 h4 53. Rb3 Kf7 54. Ra3 Ke6 55. Rd3 Rd6 56. Ra3 e4 57. Re3 Ke5 58. Re2 Kf4 59. Ra2 f5 60. gxf5 Kxf5 61. Ra8 Rf6 62. Re8 Kf4 63. Rg8 Rf5 64. Rg7 Ke5 65. Ra7 Kf6 66. Ra6+ Kg7 67. Re6 Rf4 68. Ra6 g4 69. hxg4 Rxg4+ 70. Kh3 Rf4 71. Kg2 Rf6 72. Ra4 Re6 73. Kh3 Kf6 74. Ra5 Re5 75. Ra8 Kg5 76. Rh8 Rf5 77. Kg2 Kg4 78. Rg8+ Kf4 79. Kf1 h3 80. Rg3 Rh5 81. Kg1 0-1

[Event "Seefeld op 19th"]
[Site "Seefeld"]
[Date "2008.09.09"]
[Round "5"]
[White "Schnegg, Daniel"]
[Black "Nachtkamp, Herbert"]
[Result "1/2-1/2"]
[WhiteElo "2090"]
[BlackElo "2087"]
[PlyCount "87"]
[EventDate "2008.09.05"]
[EventType "swiss"]
[EventRounds "9"]
[EventCountry "AUT"]
[SourceTitle "EXT 2010"]
[Source "ChessBase"]
[SourceDate "2010.11.25"]
[SourceVersion "1"]
[SourceVersionDate "2010.11.25"]
[SourceQuality "1"]

1. e4 d5 2. exd5 Nf6 3. d4 Nxd5 4. Nf3 Bg4 5. c4 Nb6 6. c5 N6d7 7. Bc4 e6 8. 0-0 Be7 9. h3 Bxf3 10. Qxf3 Nc6 11. Rd1 0-0 12. Bb5 Nb4 13. Qb3 Nd5 14. Nc3 N7f6 15. Bc4 Nxc3 16. bxc3 Qc8 17. Bg5 c6 18. Rab1 Rd8 19. Qxb7 Qxb7 20. Rxb7 Bxc5 21. f4 Bb6 22. f5 Re8 23. Bxf6 gxf6 24. fxe6 fxe6 25. Re1 Kh8 26. Bxe6 Rad8 27. Re4 Rd6 28. Bf5 Rxe4 29. Rxh7+ Kg8 30. Bxe4 c5 31. dxc5 Bxc5+ 32. Kh2 Rd2 33. Rh4 Kf8 34. Rh8+ Ke7 35. h4 Bd6+ 36. Kh3 Rxa2 37. Rh7+ Ke6 38. Bf3 a5 39. c4 Kf5 40. Rd7 Be5 41. Rd1 Rc2 42. Rf1 Rc3 43. g3 Kg6 44. Be4+ 1/2-1/2

[Event "Seefeld op 19th"]
[Site "Seefeld"]
[Date "2008.09.07"]
[Round "3"]
[White "Kesik, Klaus Dieter"]
[Black "Nachtkamp, Herbert"]
[Result "1-0"]
[WhiteElo "2265"]
[BlackElo "2087"]
[PlyCount "32"]
[EventDate "2008.09.05"]
[EventType "swiss"]
[EventRounds "9"]
[EventCountry "AUT"]
[SourceTitle "EXT 2010"]
[Source "ChessBase"]
[SourceDate "2010.11.25"]
[SourceVersion "1"]
[SourceVersionDate "2010.11.25"]
[SourceQuality "1"]

1. d4 d5 2. Bg5 Nc6 3. e3 f6 4. Bh4 Nh6 5. c4 Nf5 6. cxd5 Qxd5 7. Nc3 Qd8 8. d5 Nxh4 9. Qh5+ g6 10. Qxh4 Ne5 11. Rd1 Bg7 12. Nf3 Nxf3+ 13. gxf3 0-0 14. Qc4 Kh8 15. h4 Bd7 16. h5 Be8 1-0